000 00291nam a2200121 i 4500
001 bg
245 0 _aSłownik techniczny :
_bautomatyzacja /
_cpod red. J. Sykory.
260 _aWarszawa,
_c1975.
040 _cBPK
041 _apol
942 _cKS
008 s pl f |000 0 pol
999 _c29662
_d29662
856 _uhttp://koha.tu.koszalin.pl/cgi-bin/koha/opac-detail.pl?biblionumber=29662
_yKatalog online BPK